Central Library OPAC University of Rajshahi

The road to secretarial success / (Record no. 73595)

MARC details
000 -LEADER
fixed length control field 00739nam a2200241 4500
001 - CONTROL NUMBER
control field 73595
003 - CONTROL NUMBER IDENTIFIER
rucl marc code BD-RjUL
005 - DATE AND TIME OF LATEST TRANSACTION
control field 20211209082421.0
008 - FIXED-LENGTH DATA ELEMENTS--GENERAL INFORMATION
fixed length control field 170604s1954 n a 001 0 eng d
035 ## - SYSTEM CONTROL NUMBER
System control number (BD-RjUL)73813
040 ## - CATALOGING SOURCE
Original cataloging agency CSU
Transcribing agency CSU
Modifying agency UKM
-- BD-RjUL
-- EQO
Language of cataloging eng
041 ## - LANGUAGE CODE
Language code of text/sound track or separate title eng
082 ## - DEWEY DECIMAL CLASSIFICATION NUMBER
Classification number 651.3741
Edition number 23
Author mark and year PLR 1954
100 1# - MAIN ENTRY--PERSONAL NAME
Personal name Place, Irene,
Dates associated with a name 1912-2010.
9 (RLIN) 217787
245 14 - TITLE STATEMENT
Title The road to secretarial success /
Statement of responsibility, etc. Irene Place and Madeline S. Strony
260 ## - PUBLICATION, DISTRIBUTION, ETC. (IMPRINT)
Place of publication, distribution, etc. New York :
Name of publisher, distributor, etc. McGraw-Hill,
Date of publication, distribution, etc. 1954
300 ## - PHYSICAL DESCRIPTION
Pagination 371p. :
Illustrations ill. ;
Size 21cm.
504 ## - BIBLIOGRAPHY, ETC. NOTE
Bibliography, etc Includes bibliography and Indexes
650 #0 - SUBJECT ADDED ENTRY--TOPICAL TERM
Topical term or geographic name as entry element Private secretaries.
9 (RLIN) 217788
Topical term or geographic name as entry element Office practice
9 (RLIN) 217789
700 1# - ADDED ENTRY--PERSONAL NAME
Personal name Strony, Madeline S.
942 ## - ADDED ENTRY ELEMENTS (KOHA)
Source of classification or shelving scheme Dewey Decimal Classification
Koha item type Books
Holdings
Lost status Source of classification or shelving scheme Damaged status Not for loan Collection code Permanent Location Current Location Shelving location Date acquired Source of acquisition Cost, normal purchase price Total Checkouts Full call number Date last seen Copy number Koha item type
  Dewey Decimal Classification   Not For Loan Non-fiction Central Library, University of Rajshahi Central Library, University of Rajshahi Reading Room 05/12/1962 Zeitlinger 38.60   651.3741 PLR 1954 04/06/2017 C-1 Books
  Dewey Decimal Classification     Non-fiction Central Library, University of Rajshahi Central Library, University of Rajshahi   05/12/1962 Zeitlinger 38.60   651.3741 PLR 1954 04/06/2017 C-2 Books